000 01789nam0a2200385 4500
001 RU\NLR\bibl\71906
005 20260406212018.0
010 _a5-7870-0024-2
_915000
021 _aRU
_b1999-45210
_92228
035 _a(NLR Aleph) 000070162
090 _a386494
_c386494
100 _a20000223d1999 |||y0rusy50 ca
101 0 _arus
102 _aRU
105 _ay |||||||||
200 1 _aВ помощь вынужденным переселенцам
_f[Л.В. Андриченко, Е.В. Белоусова]
_gО-во "Мемориал"
210 _aМ.
_cЗвенья
_d1999
215 _a63 с.
_d17
300 _aНа обороте тит. л. авт.: кандидаты юрид. наук Л.В. Андриченко, Е.В. Белоусова
320 _aБиблиогр. в подстроч. прим.
606 0 _aБеженцы
_xПравовое положение
_yРоссийская Федерация
_92156174
_3RU\NLR\auth\661298047
606 0 _aПереселенцы вынужденные
_xПравовое положение
_yРоссийская Федерация
_92156177
_3RU\NLR\auth\661298049
686 _aХ620.32
686 _aХ621.164.043
700 1 _4070
_7ca
_8rus
_aАндриченко
_bЛ. В.
_gЛюдмила Васильевна
_9198894
_3RU\NLR\AUTH\770198945
701 1 _4070
_8rus
_7ca
_aБелоусова
_bЕ. В.
_cканд. юрид. наук
_gЕлена Вениаминовна
_3RU\NLR\auth\7777128
_960056
712 0 2 _4570
_a"Мемориал", общество
_cМосква
_3RU\NLR\AUTH\889969278
_9434895
801 0 _aRU
_bNLR
_c20000223
_gPSBO
801 1 _aRU
_bNLR
_c20000223
830 _aАвт. по кн.
852 _aNLR
_j99-2/3553
942 _cBOOK
980 _aNB